000 00342nam a2200133 i 4500
001 bg
100 1 _aMYTKOWSKI, Krzysztof
245 0 _aFiltr numeryczny do analizy sygnaƂu akustycznego /
_cKrzysztof Mytkowski.
260 _aWarszawa,
_c1980.
040 _cBPK
041 _apol
942 _cKS
008 s pl f |000 0 pol
999 _c20843
_d20843
856 _uhttp://koha.tu.koszalin.pl/cgi-bin/koha/opac-detail.pl?biblionumber=20843
_yKatalog online BPK